000 00479nam a2200169Ia 4500
003 LK-CoDNM
008 010623t1990 xxu||||| |||| 00| 1 sin d
040 _aLK-CoDNM
_dLK-CoDNM
_eLK-CoDNM
041 _asin
080 _a159.9 GNA
100 _aGnanaseeha Thero,Henpitagedara.
245 _aසිර කුඬුවක් තුල සිටියදී
246 _aSira Kooduwak thula Sitiyadi
260 _bSPC
_aPanaluwa
_c1990
300 _b160p., 21 cm
942 _cBK
999 _c114915
_d114915